| 000 | 00547nam a2200181 a 4500 | ||
|---|---|---|---|
| 005 | 20140412111337.0 | ||
| 008 | 050418s19uu xx 00 eng d | ||
| 020 | _a0-02-830938-3 | ||
| 050 |
_aBB _bMa11 2000 |
||
| 100 | _aAdkins, Jan | ||
| 245 |
_aMachine in our garden / _cby Jan Adkins ; illustrated by Kirsti Frigell. |
||
| 260 |
_aColumbus, Ohio : _bSRA/McGraw-Hill, _c2000. |
||
| 300 | _a32 p. ; ill. | ||
| 440 | _aSRA Open Court Reading | ||
| 650 |
_aPush and Pull _xJuvenile literature |
||
| 650 | _aChildren stories | ||
| 999 |
_c105053 _d105053 |
||